000 00613nam a2200205 i 4500
001 bgj
100 1 _aAMMON, Herman
_d(1888-1933).
245 1 0 _aDeutsche Literaturgeschichte in Frage und Antwort.
_cHermann Ammon.
_nBd. 2,
_pVon 1550 bis zur Gegenwart /
250 _aWyd. 5.
260 _aBonn :
_bFerd. Dümmlers Verlag,
_c1959.
300 _a231 s. ;
_c21 cm.
504 _aBibliogr. s. 215-223. Indeks.
650 9 _aLiteratura niemiecka
_xhistoria
_y14-19 w.
040 _cBPK
041 0 _ager
044 _aDEU
080 _a82.112.2(091)
942 _cKS
008 s gw f |000 0 ger
999 _c50301
_d50301
856 _uhttp://koha.tu.koszalin.pl/cgi-bin/koha/opac-detail.pl?biblionumber=50301
_yKatalog online BPK